چا ند نی د ھو پ کی (Record no. 164142)

MARC details
000 -LEADER
fixed length control field 00704nam a22001937a 4500
005 - DATE AND TIME OF LATEST TRANSACTION
control field 20190513103858.0
010 ## - LCCN (DPL NO)
LC control number UR-10097
020 ## - INTERNATIONAL STANDARD BOOK NUMBER
Terms of availability 550.00
International Standard Book Number 9789386624246
035 ## - SYSTEM CONTROL NUMBER
System control number U-8652
037 ## - SOURCE OF ACQUISITION
Source of stock number/acquisition DBAD/PUB
082 ## - DEWEY DECIMAL CLASSIFICATION NUMBER
Classification number 921
100 ## - MAIN ENTRY--PERSONAL NAME
Personal name پر و فيسر ا يم کما ل ا لد ين
245 ## - TITLE STATEMENT
Title چا ند نی د ھو پ کی
Statement of responsibility, etc پر و فيسر ا يم کما ل ا لد ين
246 ## - VARYING FORM OF TITLE
Remainder of title Chandni Dhoop Ki (Urdu)
Title proper/short title by Prof. M.Kamaluddin
260 ## - PUBLICATION, DISTRIBUTION, ETC. (IMPRINT)
Place of publication, distribution, etc Delhi
Name of publisher, distributor, etc Educational Publishing House
Date of publication, distribution, etc 2017 ء
270 ## - ADDRESS
Address 3191،Vakil Street,Kucha Pandit,Lal Kuan,
City Delhi
Postal code 110006
Telephone number 23216162
Fax number 00911123211540
300 ## - PHYSICAL DESCRIPTION
Extent 400ص
Dimensions 22 Cm.(bk)
942 ## - ADDED ENTRY ELEMENTS (KOHA)
Source of classification or shelving scheme Dewey Decimal Classification
Item type Urdu Bks
Classification part 921
Call number suffix ا ي م
Holdings
Withdrawn status Lost status Not for loan Collection code Home library Current library Date acquired Source of acquisition Cost, normal purchase price Full call number Barcode Copy number Cost, replacement price Koha item type
    Not For Loan Non-fiction D.B.Act.Division D.B.Act.Division 13/05/2019 DBAD/PUB 550.00 921 ا ي م U-8652 1 550.00 Urdu Bks

© Delhi Public Library
Hit Counter
free hit counter